Langues chinoises sur une carte - Statistiques

Statistiques générales
  • Ce quiz a été pris 45 fois
  • Le résultat moyen est 3 sur 10
Réponses sur la Carte
Les réponses sont colorées sur une échelle allant du rouge au vert en fonction du pourcentage des utilisateurs qui les ont devinées à leur premier essai. Vous pouvez retrouver ces pourcentages ci-dessous.
 
Statistiques - réponses
Nombre de locuteur Langues % Correct
836M Mandarin
94%
71M Cantonais
86%
60M Min
58%
77M Wu
56%
34M Hakka
17%
31M Gan
6%
45M Jin
6%
36M Xiang
6%
3,2M Hui
0%
2M Ping
0%
Aucun quiz correspondant
Distribution des résultats
% des personnes avec chaque résultat
Percentile par nombre de réponses
Votre historique - résultats
Vous n’avez pas pris ce quiz